Finis le titre de la chanson #1 - Statistiques

Statistiques générales
  • Ce quiz a été pris 903 fois
  • Le résultat moyen est 18 sur 30
Statistiques - réponses
Artistes Chanson Réponse % Correct
Indila "Dernière..." Danse
95%
France Gall "Il jouait du piano..." Debout
93%
Mariah Carey "All I Want For Christmas Is..." You
93%
Adele "Rolling in the..." Deep
91%
Claude François "Le lundi au..." Soleil
81%
Daft Punk "Around the..." World
81%
Joe Dassin "Dans les yeux d'..." Emilie
80%
Niagara "Je dois m'en..." Aller
77%
Gloria Gaynor "I Will..." Survive
77%
Naps, Gazo, Ninho "C'est carré le..." S
74%
Coldplay "A Sky Full of..." Stars
74%
Daniel Balavoine, Nanette Workman "Quand on arrive en..." Ville
72%
The Police "Every Breath You..." Take
68%
John Travolta, Olivia Newton-John "You're The One That I..." Want
67%
Nirvana "Smells Like Teen..." Spirit
66%
Julien Doré "Coco..." Câline
65%
Diane Tell "Si j'étais un..." Homme
65%
ABBA "The Winner Takes It..." All
63%
Katy Perry "Teenage..." Dream
56%
Kalash, Damso "Mwaka..." Moon
56%
Ariana Grande "God is a..." Woman
53%
R.E.M. "Losing My..." Religion
46%
Jul "Dans ma..." Paranoïa
42%
Meghan Trainor "All About That..." Bass
38%
Future "Mask..." Off
36%
Nancy Sinatra "These Boots Are Made For..." Walkin'
34%
Steppenwolf "Born To Be..." Wild
30%
Snoop Dogg, Pharrell Williams "Drop It Like It's..." Hot
27%
Donna Summer "I Feel..." Love
14%
Imagination "Music and..." Lights
6%
Aucun quiz correspondant
Distribution des résultats
% des personnes avec chaque résultat
Percentile par nombre de réponses
Votre historique - résultats
Vous n’avez pas pris ce quiz